000 00618nam a2200217 4500
001 VA63012
003 ES-SlBCS
005 20210601161150.0
008 140520s1975 xxu||||| |||| 00| 0 spa d
017 _aM-1233-1975
020 _a84-304-1206-9
041 _aspa
100 1 _aDelarge, Bernarda
_928560
245 1 0 _aEl libro de la vida y el amor
_b:Vol. IV
_cBernarda Delarge; Julio Ximénez
260 _aMadrid :
_bStudium
_c, 1975
300 _a203 p.;
_c19 cm
500 _aTít. orig.: La vie et l'amour (jeunes)
650 0 4 _aLibro de la Vida
_9398772
700 1 _aXiménez, Julio
_9398773
942 _cBK
999 _c838539
_d838539